000 00657nam a2200205Ia 4500
008 131103s9999 xx 000 0 und d
040 _aLoreto College
041 _aEnglish
082 _a336/HIC
_bLCLIB/12124(withdrawn 2010)
100 _aHicks,Ursula K.
245 _aPublic finance
_cUrsula K.Hicks; with an introduction by C.W.Guillebaud
250 _a2nd ed.
260 _aLondon
_bJames Nisbet & Co.
_c1955 (1964 printing)
300 _axxi,358 p.
_b ill.,charts,tables
_c 19cm.
504 _aIncludes bibliographical references and index
650 _aEconomics - Public Finance
700 _aGuillebaud,C.W.
850 _aLCLIB
942 _cBK
999 _c7407
_d57886